La formación política de los movimientos populares latinoamericanos /
محفوظ في:
| المؤلف الرئيسي: | |
|---|---|
| التنسيق: | نص |
| الموضوعات: | |
| الوسوم: |
إضافة وسم
لا توجد وسوم, كن أول من يضع وسما على هذه التسجيلة!
|
MARC
| LEADER | 00000 a a2200000 04500 | ||
|---|---|---|---|
| 001 | 11063 | ||
| 003 | |||
| 040 | |||
| 100 | |a Korol, Claudia | ||
| 245 | |a La formación política de los movimientos populares latinoamericanos / |c Claudia Korol | ||
| 650 | |a NEOLIBERALISMO | ||
| 650 | |a MOVIMIENTOS POPULARES | ||
| 650 | |a POLITICA | ||
| 650 | |a AMERICA LATINA | ||
| 773 | |g volumen 8, número 22; páginas 227-240 | ||
| 999 | |c 35635 |d 35635 | ||
